| 000 | 00732cam a22002411 4500 | ||
|---|---|---|---|
| 999 |
_c234312 _d234312 |
||
| 001 | 6606940 | ||
| 003 | Nust | ||
| 005 | 20170317124007.0 | ||
| 008 | 720519s1967 nyua 000 0 eng | ||
| 010 | _a 67014485 | ||
| 035 | _a(OCoLC)312913 | ||
| 040 |
_aDLC _cOClU _dOCoLC _dDLC |
||
| 042 | _apremarc | ||
| 050 | 0 | 0 |
_aHA29 _b.L8377 |
| 082 | _a310 LOR | ||
| 100 | 1 | _aLordahl, Daniel S. | |
| 245 | 1 | 0 |
_aModern statistics for behavioral sciences _c Daniel S. Lordahl. |
| 260 |
_aNew York, _bRonald Press Co. _c[1967] |
||
| 300 |
_axii, 365 p. _billus. _c24 cm. |
||
| 500 | _aH.B | ||
| 650 | 0 | _aStatistics. | |
| 906 |
_a7 _bcbc _coclcrpl _du _encip _f19 _gy-gencatlg |
||
| 942 |
_2ddc _cBK _k310 LOR |
||